Datum a čas kvízu
36
Celkem bodů
Celkový počet nahraných bodů na tomto kvízu bez doplňovacích otázek.
3.
Pořadí na kvízu
Konečné umístění týmu na tomto kvízu.
Zaznamenané odpovědi
| # | Otázka | Odpověď | Body | Výsledky |
|---|---|---|---|---|
| 1. | V obci Hlubyně bylo minulý týd... | o telefonní budce | 1 | |
| 2. | Minulý týden se uskutečnil sum... | v Ženevě | 1 | |
| 3. | Jedna česká zpěvačka se díky s... | Ewa Farna | 1 | |
| 4. | Jeden evropský automobilový vý... | Dacia | 1 | |
| 5. | Česká ženská reprezentace vsto... | v basketbalu | 1 | |
| 6. | Právě probíhající Mistrovství... | Wembley | 1 | |
| 7. | Dalším městem, kde se turnaj k... | D | 1 | |
| 8. | Pohled na další ze stadionů si... | v Budapešti | 1 | |
| 9. | Ne všechny zápasy mistrovství... | Baku | 1 | |
| 10. | Přiřaďte následující hrací sta... | 1D 2C 3B 4A | 1 |